Les 100 oiseaux les plus "cochées" de France - Statistiques

Statistiques générales
  • Ce quiz a été pris 782 fois
    556 depuis la dernière actualisation
  • Le résultat moyen est 47 sur 100
Statistiques - réponses
Hint Réponse % Correct
6 Merle noir
87%
14 Pie bavarde
84%
21 Corneille noire
79%
9 Mésange bleue
79%
12 Rougegorge familier
79%
3 Buse variable
78%
4 Mésange charbonnière
78%
1 Canard colvert
75%
8 Pigeon ramier
74%
7 Faucon crécerelle
70%
15 Tourterelle turque
70%
94 Faucon pélerin
69%
5 Moineau domestique
69%
23 Pic vert
69%
2 Héron cendré
68%
20 Mouette rieuse
65%
56 Pigeon biset
63%
30 Pic épeiche
62%
31 Gallinule poule-d'eau
61%
27 Martin-pêcheur d'Europe
61%
16 Pinson des arbres
60%
58 Corbeau freux
58%
34 Geai des chênes
56%
19 Aigrette garzette
55%
10 Cygne tuberculé
55%
42 Grive musicienne
55%
37 Milan noir
55%
13 Etourneau sansonnet
54%
78 Goéland argenté
54%
29 Grande aigrette
54%
50 Milan royal
54%
53 Epervier d'Europe
53%
18 Foulque macroule
53%
32 Mésange à longue queue
52%
83 Mésange noire
52%
44 Verdier d'Europe
52%
86 Grand corbeau
51%
11 Grand cormoran
51%
28 Hirondelle rustique
50%
17 Bergeronnette grise
49%
22 Chardonneret élégant
49%
39 Martinet noir
48%
72 Mésange nonnette
48%
70 Oie cendrée
48%
54 Canard souchet
47%
26 Cigogne blanche
47%
41 Fauvette à tête noire
47%
65 Mésange huppée
47%
64 Alouette des champs
46%
35 Choucas des tours
46%
45 Pouillot véloce
46%
25 Rougequeue noir
46%
46 Troglodyte mignon
46%
24 Grèbe huppé
45%
97 Vautour fauve
43%
67 Coucou gris
42%
63 Huppe fasciée
41%
49 Sarcelle d'hiver
41%
40 Bergeronnette des ruisseaux
40%
100 Bruant zizi
40%
33 Faisan de Colchide
40%
55 Grimpereau des jardins
40%
74 Grive draine
39%
75 Roitelet huppé
39%
59 Busard des roseaux
38%
66 Goéland leucophée
38%
57 Accenteur mouchet
37%
91 Grue cendrée
37%
81 Canard chipeau
36%
93 | 98 Canard pilet
36%
68 Linotte mélodieuse
36%
79 Bergeronnette printanière
35%
69 Serin cini
34%
90 Busard saint-martin
33%
51 Tarier pâtre
33%
47 Vanneau huppé
33%
85 Chevalier gambette
32%
52 Grèbe castagneux
32%
89 Spatule blanche
32%
62 Fuligule milouin
31%
60 Fuligule morillon
31%
82 Bécassine des marais
30%
84 Chevalier guignette
30%
99 Tarin des aulnes
30%
87 Huitrier pie
29%
38 Sittelle torchepot
29%
73 Avocette élégante
28%
88 Tourterelle des bois
28%
95 Pipit farlouse
27%
77 Courlis cendré
26%
71 Echasse blanche
26%
43 Héron garde-boeufs
26%
48 Tadorne de belon
26%
92 Chevalier culblanc
25%
80 Traquet motteux
25%
61 Roitelet triple-bandeau
23%
76 Sterne pierregarin
23%
36 Hirondelle de fenêtres
22%
96 Hirondelle de rivages
14%
Aucun quiz correspondant
Distribution des résultats
% des personnes avec chaque résultat
Percentile par nombre de réponses
Votre historique - résultats
Vous n’avez pas pris ce quiz depuis la dernière actualisation